| 000 | 00440nam a22001457a 4500 | ||
|---|---|---|---|
| 008 | 230221b |||||||| |||| 00| 0 eng d | ||
| 040 |
_aNational Science Library _cNational Science Library |
||
| 080 |
_a624:624.078.54] _bL8 |
||
| 100 | _aParnakh, A | ||
| 245 | _aSliding modes and their application in variable structure systems | ||
| 260 |
_aMoscow: _bMIR Publishers, _c1978 |
||
| 300 | _a257p. | ||
| 650 | _aScience | ||
| 942 |
_2udc _cBK |
||
| 999 |
_c47021 _d47021 |
||